Organizace výrobních živností a malých podniků

Gespeichert in:
Bibliographische Detailangaben
1. Verfasser: Němec, Vladimír
Format: Buch
Sprache:Tschechisch
Veröffentlicht: Praha Victoria Publ. 1995
Ausgabe:1. vyd.
Schlagworte:
Tags: Tag hinzufügen
Keine Tags, Fügen Sie das erste Tag hinzu!

MARC

LEADER 00000nam a2200000 4500
001 c010908
005 20230228104904.1
020 |a 80-85865-43-2 
041 0 |a cze 
044 |a CZ 
245 1 0 |a Organizace výrobních živností a malých podniků  |c Vladimír Němec 
250 |a 1. vyd. 
264 1 |a Praha  |b Victoria Publ.  |c 1995 
300 |a 73 s. 
610 2 0 |a organizácia podniku 
610 2 0 |a organizácia výroby 
610 2 0 |a organizácia pracoviska 
610 2 0 |a podnik 
610 2 0 |a podnikanie 
610 2 0 |a trh 
610 2 0 |a živnosti 
610 2 0 |a podnik malý 
100 1 |a Němec, Vladimír